000 00345nam a2200145 a 4500
005 20140414093841.0
008 071009s19uu xx uuu eng d
050 _aVCD 320
_bBAT 2002
245 _aBattleground.
260 _aSl :
_bWarner Brothers,
_cc2002.
300 _a2 video disks
650 _aFilm.
942 _cAVM
999 _c109282
_d109282